| 000 | 00652nam a2200229 i 4500 | ||
|---|---|---|---|
| 001 | bg | ||
| 100 | 1 | _aSOBCZAK, Zofia | |
| 245 | 1 | 0 |
_aKsięgowość : _bzbiór zadań / _cZofia Sobczak, Lilianna Chomiuk, Wiesław Janik ; Politechnika Lubelska. |
| 260 |
_aLublin : _bWydawnictwa Uczelniane PL, _c1995. |
||
| 300 |
_a178 s. ; _c24 cm. |
||
| 650 | 9 | _aRachunkowość | |
| 655 | _aĆwiczenia i zadania | ||
| 700 | 1 | _aCHOMIUK, Lilianna | |
| 700 | 1 | _aJANIK, Wiesław | |
| 020 | _a8386333863 | ||
| 040 | _cBPK | ||
| 041 | 0 | _apol | |
| 080 | _a657(075.8)(076) | ||
| 920 | _a83-86333-86-3 | ||
| 942 | _cKS | ||
| 008 | s pl f |000 0 pol | ||
| 999 |
_c10369 _d10369 |
||
| 856 |
_uhttp://koha.tu.koszalin.pl/cgi-bin/koha/opac-detail.pl?biblionumber=10369 _yKatalog online BPK |
||